000 00363nam a2200145 i 4500
001 bg
100 1 _aMIRSKIJ, G. Ja.
245 0 _aApparaturnye opredelenie charakteristik slucajnych processow /
_cG.Ja. Mirskij.
250 _aWyd.2.
260 _aMoskwa,
_c1972.
040 _cBPK
041 _apol
942 _cKS
008 s pl f |000 0 pol
999 _c15036
_d15036
856 _uhttp://koha.tu.koszalin.pl/cgi-bin/koha/opac-detail.pl?biblionumber=15036
_yKatalog online BPK